[Event "SLO-chT3 West"]
[Site "Komenda"]
[Date "2017.12.10"]
[Round "4.1"]
[White "Vidmar, Klara"]
[Black "Kobal, Silvester"]
[Result "1/2-1/2"]
[WhiteElo "1745"]
[BlackElo "1475"]
[PlyCount "112"]
[EventDate "2017.12.08"]
[EventType "team-swiss"]
[EventRounds "5"]
[EventCountry "SLO"]
[SourceTitle "EXT 2019"]
[Source "ChessBase"]
[SourceDate "2018.10.10"]
[SourceVersion "1"]
[SourceVersionDate "2018.10.10"]
[SourceQuality "1"]
[WhiteTeam "Komenda Pogi"]
[BlackTeam "Caven Ajdovscina"]
[WhiteTeamCountry "SLO"]
[BlackTeamCountry "SLO"]

1. e4 e6 2. d4 d5 3. exd5 exd5 4. Bd3 Bd6 5. Nf3 Ne7 6. 0-0 0-0 7. c3 Bf5 8. Re1 Bxd3 9. Qxd3 Nd7 10. Be3 Ng6 11. Nbd2 c6 12. Re2 Re8 13. Rae1 Re7 14. Bg5 f6 15. Rxe7 Nxe7 16. Bh4 Qf8 17. Qe2 Qf7 18. Qe6 Nc8 19. Nb3 Qxe6 20. Rxe6 Kf7 21. Re2 a5 22. Bg3 Bxg3 23. fxg3 Ne7 24. Rf2 h6 25. Nbd2 Ng6 26. c4 a4 27. cxd5 cxd5 28. Nb1 Ke6 29. Rc2 Kd6 30. Nc3 Ra6 31. Nb5+ Ke7 32. Nc7 Rd6 33. Re2+ Kf7 34. Nb5 Re6 35. Rxe6 Kxe6 36. Nc7+ Kd6 37. Ne8+ Kc6 38. Nxg7 Nb6 39. b3 axb3 40. axb3 Kb5 41. Ne8 Nd7 42. Nc7+ Kb4 43. Nxd5+ Kxb3 44. Kf2 b5 45. Ke3 Kc4 46. Nf4 Nxf4 47. gxf4 Kc3 48. g4 b4 49. Nd2 b3 50. Nxb3 Kxb3 51. Ke4 Kc4 52. h4 Nf8 53. g5 fxg5 54. fxg5 hxg5 55. hxg5 Ng6 56. d5 Kc5 1/2-1/2

[Event "Nova Gorica op 22nd"]
[Site "Nova Gorica"]
[Date "2017.01.31"]
[Round "7"]
[White "Kobal, Silvester"]
[Black "Laco, Giuseppe"]
[Result "1/2-1/2"]
[WhiteElo "1416"]
[BlackElo "2002"]
[PlyCount "83"]
[EventDate "2017.01.27"]
[EventType "swiss"]
[EventRounds "9"]
[EventCountry "SLO"]
[SourceTitle "CBM 176 Extra"]
[Source "ChessBase"]
[SourceDate "2017.03.02"]
[SourceVersion "1"]
[SourceVersionDate "2017.03.02"]
[SourceQuality "1"]

1. e4 c5 2. c3 d5 3. exd5 Qxd5 4. d4 Nc6 5. Nf3 e5 6. dxe5 Qxd1+ 7. Kxd1 Bg4 8. Bf4 Nge7 9. Nbd2 Ng6 10. g3 Ngxe5 11. Be2 Ng6 12. Be3 Be7 13. Kc2 Bf5+ 14. Bd3 Bxd3+ 15. Kxd3 b6 16. Rad1 0-0 17. Rhe1 h6 18. Kc2 f5 19. Nc4 Rad8 20. Rxd8 Bxd8 21. Bd2 Bf6 22. Re6 Nge7 23. Nce5 Nxe5 24. Nxe5 Bxe5 25. Rxe5 Kf7 26. c4 Rd8 27. Bc3 g6 28. b3 Nc6 29. Re2 g5 30. f3 h5 31. a3 a5 32. Bb2 Rd6 33. Bc3 g4 34. fxg4 hxg4 35. Rf2 Kg6 36. Re2 Nd4+ 37. Bxd4 cxd4 38. Kd3 Kg5 39. Re5 Rh6 40. Re2 Rd6 41. Re5 Rh6 42. Re2 1/2-1/2

[Event "Nova Gorica op 22nd"]
[Site "Nova Gorica"]
[Date "2017.01.30"]
[Round "6"]
[White "Mihelj, Edvard Danijel"]
[Black "Kobal, Silvester"]
[Result "1/2-1/2"]
[WhiteElo "1741"]
[BlackElo "1416"]
[PlyCount "74"]
[EventDate "2017.01.27"]
[EventType "swiss"]
[EventRounds "9"]
[EventCountry "SLO"]
[SourceTitle "CBM 176 Extra"]
[Source "ChessBase"]
[SourceDate "2017.03.02"]
[SourceVersion "1"]
[SourceVersionDate "2017.03.02"]
[SourceQuality "1"]

1. e4 e6 2. b3 d5 3. e5 c5 4. Bb2 Nc6 5. Nf3 Nge7 6. d4 cxd4 7. Nxd4 Nxd4 8. Qxd4 Nc6 9. Qf4 Be7 10. Bd3 Nb4 11. 0-0 0-0 12. a3 Nxd3 13. cxd3 Qb6 14. Nd2 Bd7 15. d4 Rac8 16. Rfc1 a5 17. g3 Qb5 18. Qe3 Rxc1+ 19. Rxc1 Rc8 20. Rxc8+ Bxc8 21. Qc3 Bd7 22. Qc7 b6 23. a4 Qc6 24. Qxc6 Bxc6 25. Bc3 f6 26. f4 fxe5 27. fxe5 Kf7 28. Nf3 Kg6 29. g4 h5 30. h3 Bd8 31. Kf2 b5 32. axb5 Bxb5 33. Kg3 a4 34. bxa4 Bxa4 35. Bd2 hxg4 36. hxg4 Bd1 37. Nh4+ Bxh4+ 1/2-1/2

[Event "Portoroz op 10th"]
[Site "Portoroz"]
[Date "2016.07.30"]
[Round "9"]
[White "Skrbec, Leon"]
[Black "Kobal, Silvester"]
[Result "1/2-1/2"]
[WhiteElo "1426"]
[BlackElo "1573"]
[PlyCount "22"]
[EventDate "2016.07.23"]
[EventType "swiss"]
[EventRounds "9"]
[EventCountry "SLO"]
[SourceTitle "EXT 2017"]
[Source "ChessBase"]
[SourceDate "2016.10.25"]
[SourceVersion "1"]
[SourceVersionDate "2016.10.25"]
[SourceQuality "1"]

1. Nf3 Nf6 2. c4 c6 3. g3 d5 4. b3 Bf5 5. Bg2 e6 6. 0-0 Be7 7. Bb2 0-0 8. d3 Nbd7 9. Nbd2 h6 10. Nd4 Qc7 11. N2f3 Ng4 1/2-1/2

[Event "Portoroz op 10th"]
[Site "Portoroz"]
[Date "2016.07.28"]
[Round "7"]
[White "Gazovic, Lukas"]
[Black "Kobal, Silvester"]
[Result "1/2-1/2"]
[WhiteElo "1634"]
[BlackElo "1573"]
[PlyCount "74"]
[EventDate "2016.07.23"]
[EventType "swiss"]
[EventRounds "9"]
[EventCountry "SLO"]
[SourceTitle "CBM 173 Extra"]
[Source "ChessBase"]
[SourceDate "2016.08.29"]
[SourceVersion "1"]
[SourceVersionDate "2016.08.29"]
[SourceQuality "1"]

1. e4 d5 2. exd5 Qxd5 3. Nf3 Bg4 4. Be2 Nf6 5. Nc3 Qd8 6. d3 e6 7. a3 Be7 8. Bg5 0-0 9. h3 Bh5 10. Ne5 Bxe2 11. Qxe2 h6 12. Bh4 Nbd7 13. Nxd7 Qxd7 14. Ne4 Nxe4 15. Bxe7 Qxe7 16. Qxe4 c5 17. 0-0 Rad8 18. Rfd1 Rd4 19. Qe3 Rfd8 20. b3 b5 21. Qe5 Qd6 22. Qxd6 R4xd6 23. a4 b4 24. Kf1 e5 25. f3 f6 26. Ke2 Kf7 27. g4 g5 28. h4 Rd4 29. Rh1 f5 30. Rag1 e4 31. fxe4 fxe4 32. Rg3 exd3+ 33. cxd3 Re8+ 34. Kf2 Rf4+ 35. Rf3 Rxf3+ 36. Kxf3 Kf6 37. Rc1 Re5 1/2-1/2

[Event "Portoroz op 10th"]
[Site "Portoroz"]
[Date "2016.07.24"]
[Round "2"]
[White "Kobal, Silvester"]
[Black "Savli, Marko"]
[Result "0-1"]
[WhiteElo "1573"]
[BlackElo "1676"]
[PlyCount "60"]
[EventDate "2016.07.23"]
[EventType "swiss"]
[EventRounds "9"]
[EventCountry "SLO"]
[SourceTitle "CBM 173 Extra"]
[Source "ChessBase"]
[SourceDate "2016.08.29"]
[SourceVersion "1"]
[SourceVersionDate "2016.08.29"]
[SourceQuality "1"]

1. e4 e6 2. d4 d5 3. exd5 exd5 4. Bd3 Bd6 5. Ne2 Ne7 6. Bf4 0-0 7. 0-0 Bf5 8. Bxf5 Nxf5 9. Qd3 Qd7 10. Bxd6 Nxd6 11. Nd2 Nc6 12. c3 Rfe8 13. Rfe1 Ne7 14. Nf4 c6 15. Re2 Ng6 16. Nxg6 Rxe2 17. Qxe2 hxg6 18. Re1 Re8 19. Qd1 Nf5 20. Nf3 f6 21. Re2 Kf7 22. Qe1 Rxe2 23. Qxe2 Qe7 24. Kf1 Qxe2+ 25. Kxe2 Nd6 26. b3 Ne4 27. Nd2 Nxc3+ 28. Kf3 Nxa2 29. h4 Nb4 30. g4 Nc2 0-1

[Event "Portoroz op 10th"]
[Site "Portoroz"]
[Date "2016.07.24"]
[Round "3"]
[White "Malkoc, Patrik"]
[Black "Kobal, Silvester"]
[Result "1-0"]
[WhiteElo "1295"]
[BlackElo "1573"]
[PlyCount "71"]
[EventDate "2016.07.23"]
[EventType "swiss"]
[EventRounds "9"]
[EventCountry "SLO"]
[SourceTitle "CBM 173 Extra"]
[Source "ChessBase"]
[SourceDate "2016.08.29"]
[SourceVersion "1"]
[SourceVersionDate "2016.08.29"]
[SourceQuality "1"]

1. d4 d5 2. Bf4 Nf6 3. e3 Bf5 4. Bd3 Bg6 5. Nf3 e6 6. 0-0 Be7 7. c3 Nbd7 8. Re1 Bxd3 9. Qxd3 0-0 10. Nbd2 c5 11. Rad1 c4 12. Qc2 Nh5 13. Bg3 Nxg3 14. hxg3 b5 15. e4 b4 16. exd5 exd5 17. Qf5 bxc3 18. bxc3 Nf6 19. Nf1 Ba3 20. Ne3 Qa5 21. Ng4 Nxg4 22. Qxg4 Qxc3 23. Qf5 Rfe8 24. Ne5 f6 25. Nf3 Qa5 26. Qd7 c3 27. Rxe8+ Rxe8 28. Qxe8+ Bf8 29. Qe6+ Kh8 30. Rc1 Qa3 31. Qe1 Qxa2 32. Rxc3 h6 33. Rc8 Qa3 34. Qe8 Kg8 35. Qe6+ Kh8 36. Qf7 1-0

[Event "Portoroz op 10th"]
[Site "Portoroz"]
[Date "2016.07.23"]
[Round "1"]
[White "Habjan, Marko"]
[Black "Kobal, Silvester"]
[Result "1-0"]
[WhiteElo "1926"]
[BlackElo "1573"]
[PlyCount "77"]
[EventDate "2016.07.23"]
[EventType "swiss"]
[EventRounds "9"]
[EventCountry "SLO"]
[SourceTitle "CBM 173 Extra"]
[Source "ChessBase"]
[SourceDate "2016.08.29"]
[SourceVersion "1"]
[SourceVersionDate "2016.08.29"]
[SourceQuality "1"]

1. d4 d5 2. Bf4 Nf6 3. Nf3 Bf5 4. e3 Nbd7 5. Nh4 Bg4 6. f3 Bh5 7. g4 Bg6 8. Nxg6 hxg6 9. c3 e6 10. Qb3 Qc8 11. Na3 a6 12. c4 Be7 13. c5 0-0 14. h4 Ne8 15. Qc2 c6 16. g5 f5 17. h5 gxh5 18. Rxh5 Kf7 19. Rh7 Rg8 20. Bd3 Nf8 21. Rh3 g6 22. 0-0-0 Ng7 23. Rg1 Nd7 24. Qh2 Qf8 25. e4 b6 26. exd5 exd5 27. Rh7 bxc5 28. Bxf5 Ke8 29. Bxg6+ Kd8 30. Re1 cxd4 31. Bc7+ Kc8 32. Ba5 Bxg5+ 33. Kb1 Bf4 34. Qc2 Qf6 35. Ka1 Ne5 36. Bh5 Rb8 37. Qc5 Nd3 38. Bg4+ Ne6 39. Qxc6+ 1-0